[Event "23. Copenhagen Open  (Politiken Cup)"]
[Site "Copenhagen"]
[Date "2001.07.16"]
[Round "1"]
[White "Larsen, Karsten"]
[Black "Simonsen, Hans Kristian"]
[Result "1-0"]
[WhiteElo "2300"]
[BlackElo "1930"]
[PlyCount "97"]
[EventDate "2001.07.16"]
[EventType "swiss"]
[EventRounds "11"]
[EventCountry "DEN"]
[SourceDate "2004.01.01"]

1. e4 e6 2. d3 d5 3. Nd2 Nf6 4. Ngf3 Nc6 5. g3 dxe4 6. dxe4 e5 7. Bg2 Bc5 8.
O-O O-O 9. h3 Qe7 10. Qe2 a5 11. Nb3 Bb6 12. a4 Be6 13. Nbd2 Rfd8 14. Nc4 Qb4
15. Nxb6 cxb6 16. Nd2 Nd4 17. Qd1 Qe7 18. Ra3 Rac8 19. c3 Nc6 20. Qe2 Nd7 21.
Nf3 f6 22. Be3 Nc5 23. Nh4 Qf7 24. Nf5 Bc4 25. Qg4 Qg6 26. Re1 Qxg4 27. hxg4
Kf7 28. g5 fxg5 29. Bxg5 Rd7 30. Ne3 Nd3 31. Rb1 Be6 32. Nd5 Bxd5 33. exd5 Ne7
34. Bh3 Rxd5 35. Bxe7 Rc4 36. Bg5 Nc5 37. Be3 e4 38. Raa1 Nb3 39. Ra3 Nd2 40.
Bxd2 Rxd2 41. Rb3 Rc6 42. Rf1 Kf6 43. Rb5 Rdd6 44. Re1 Rc4 45. Rf5+ Kg6 46. Re5
Rxa4 47. R5xe4 Rxe4 48. Rxe4 Kf7 49. Re5 1-0

[Event "23. Copenhagen Open  (Politiken Cup)"]
[Site "Copenhagen"]
[Date "2001.07.16"]
[Round "1"]
[White "Laustsen, Lars"]
[Black "Laubsch, Bernd"]
[Result "1/2-1/2"]
[WhiteElo "1955"]
[BlackElo "2311"]
[PlyCount "57"]
[EventDate "2001.07.16"]
[EventType "swiss"]
[EventRounds "11"]
[EventCountry "DEN"]
[SourceDate "2004.01.01"]

1. c4 Nf6 2. g3 g6 3. Bg2 d5 4. cxd5 Nxd5 5. Nc3 Nb6 6. Nf3 Bg7 7. O-O O-O 8.
d3 N8d7 9. Be3 h6 10. Rc1 Kh7 11. b4 c6 12. Nd4 Nf6 13. Nb3 Nfd5 14. Nxd5 Nxd5
15. Bd2 Qb6 16. a3 Bb2 17. Na5 Bxc1 18. Qxc1 h5 19. Qc4 Be6 20. Qh4 Rae8 21.
Nc4 Qd8 22. Qg5 Rh8 23. Be4 Nf6 24. Bxg6+ fxg6 25. Qh6+ Kg8 26. Qxg6+ Kf8 27.
Bh6+ Rxh6 28. Qxh6+ Kg8 29. Qg6+ 1/2-1/2

[Event "23. Copenhagen Open  (Politiken Cup)"]
[Site "Copenhagen"]
[Date "2001.07.16"]
[Round "1"]
[White "Lezcano Jaen, Pedro"]
[Black "Lardot, Derik"]
[Result "1-0"]
[WhiteElo "2386"]
[BlackElo "2023"]
[PlyCount "75"]
[EventDate "2001.07.16"]
[EventType "swiss"]
[EventRounds "11"]
[EventCountry "DEN"]
[SourceDate "2004.01.01"]

1. c4 d6 2. g3 e5 3. Bg2 f5 4. Nc3 Nf6 5. d3 Be7 6. Nf3 O-O 7. O-O Kh8 8. Rb1
c6 9. b4 Nbd7 10. b5 c5 11. Ng5 Nb6 12. f4 exf4 13. Bxf4 h6 14. Nf3 Rf7 15. a4
Nbd7 16. Bd2 Rb8 17. Nh4 f4 18. Ng6+ Kh7 19. Nxf4 Ne5 20. Qc2 g6 21. Ncd5 Bf5
22. Ne3 Nfd7 23. Nxf5 Rxf5 24. Be4 Rf6 25. Bc3 Qg8 26. a5 Qd8 27. e3 Qc8 28.
Qg2 Nf8 29. Bxe5 dxe5 30. Nd5 Rxf1+ 31. Rxf1 Qe6 32. Nc7 Qd6 33. Rf7+ Kh8 34.
Nd5 Bd8 35. Qf1 Bxa5 36. Ne7 Nd7 37. Nxg6+ Kg8 38. Ne7+ 1-0

[Event "23. Copenhagen Open  (Politiken Cup)"]
[Site "Copenhagen"]
[Date "2001.07.16"]
[Round "1"]
[White "Lie, Terje"]
[Black "Henrichsen, Jens"]
[Result "0-1"]
[WhiteElo "1100"]
[BlackElo "2069"]
[PlyCount "102"]
[EventDate "2001.07.16"]
[EventType "swiss"]
[EventRounds "11"]
[EventCountry "DEN"]
[SourceDate "2004.01.01"]

1. d4 Nf6 2. c4 g6 3. Nc3 Bg7 4. e4 d6 5. Be3 O-O 6. Bd3 Ng4 7. Bg5 Bxd4 8. Qd2
Nxf2 9. Nf3 Nxd3+ 10. Qxd3 Bg7 11. Rb1 Nd7 12. O-O Nc5 13. Qc2 a5 14. Nd5 f6
15. Bh4 c6 16. Nc3 Be6 17. b3 Qc7 18. Bg3 Kh8 19. Rbe1 Bg4 20. Nd2 e5 21. Rf2
Ne6 22. Nf1 Rad8 23. Ne3 Nd4 24. Qd2 Be6 25. Qd1 Rde8 26. Ne2 Nxe2+ 27. Qxe2 f5
28. Nf1 Bf6 29. Rf3 f4 30. Bf2 Bg4 31. Kh1 Bxf3 32. Qxf3 Ra8 33. Nd2 Qe7 34.
Rd1 Qf7 35. Qd3 g5 36. Qh3 Rg8 37. g3 g4 38. Qf1 fxg3 39. Bxg3 Qg6 40. Qe2 Rgf8
41. Nf1 Be7 42. Qg2 Bg5 43. Re1 h5 44. Ne3 Bxe3 45. Rxe3 Qg5 46. Re1 Rf3 47.
Rd1 Raf8 48. Kg1 Qe3+ 49. Kh1 Qxe4 50. Re1 Qxe1+ 51. Bxe1 Rf1+ 0-1

[Event "23. Copenhagen Open  (Politiken Cup)"]
[Site "Copenhagen"]
[Date "2001.07.16"]
[Round "1"]
[White "Marder, Simon"]
[Black "Hector, Jonny"]
[Result "0-1"]
[WhiteElo "2058"]
[BlackElo "2552"]
[PlyCount "76"]
[EventDate "2001.07.16"]
[EventType "swiss"]
[EventRounds "11"]
[EventCountry "DEN"]
[SourceDate "2004.01.01"]

1. d4 d5 2. Nc3 e5 3. dxe5 d4 4. Ne4 Qd5 5. Ng3 Nc6 6. e4 Qxe5 7. Nf3 Qa5+ 8.
Bd2 Bb4 9. a3 Bxd2+ 10. Qxd2 Qxd2+ 11. Kxd2 Nge7 12. Rd1 Bg4 13. Be2 Bxf3 14.
Bxf3 O-O-O 15. h4 Ne5 16. Be2 c5 17. f4 N5c6 18. Nh5 a6 19. g4 Rhg8 20. Ke1 Kc7
21. Kf2 b5 22. Rh3 Nc8 23. e5 Nb6 24. Bd3 h6 25. Bh7 Rh8 26. Be4 g5 27. Bxc6
Kxc6 28. hxg5 hxg5 29. f5 Nc4 30. Re1 Rde8 31. e6 fxe6 32. Rf3 Ne3 33. Rfxe3
dxe3+ 34. Rxe3 exf5 35. Rxe8 Rxe8 36. gxf5 Rh8 37. Ng7 Rf8 38. Kf3 Rf7 0-1

[Event "23. Copenhagen Open  (Politiken Cup)"]
[Site "Copenhagen"]
[Date "2001.07.16"]
[Round "1"]
[White "McShane, Rod"]
[Black "Nielsen, Borge Hjerrild"]
[Result "0-1"]
[WhiteElo "1400"]
[BlackElo "2122"]
[PlyCount "85"]
[EventDate "2001.07.16"]
[EventType "swiss"]
[EventRounds "11"]
[EventCountry "DEN"]
[SourceDate "2004.01.01"]

1. e4 c5 2. Nf3 d6 3. d4 cxd4 4. Nxd4 Nf6 5. Nc3 a6 6. Be3 e5 7. Nb3 Qc7 8. f3
Be6 9. Qd2 Be7 10. O-O-O Nbd7 11. Nd5 Bxd5 12. exd5 Rc8 13. Kb1 O-O 14. g4 Nb6
15. Rc1 Nfxd5 16. Bf2 Nf4 17. h4 Nc4 18. Bxc4 Qxc4 19. Na5 Qc7 20. Nb3 b6 21.
Be3 Ne6 22. g5 a5 23. Qf2 Rb8 24. h5 Nxg5 25. Rcg1 h6 26. Nd2 f5 27. Nf1 f4 28.
Bc1 Qc5 29. Qg2 Rfc8 30. c3 Qd5 31. Nd2 Qf7 32. Ne4 d5 33. Nf2 Bc5 34. Re1 Qf5+
35. Ka1 Qc2 36. Rh2 Qxf2 37. Qxf2 Bxf2 38. Rxf2 Re8 39. Rd1 Rbd8 40. Re1 Kf7
41. Ref1 Kf6 42. b3 Kf5 43. Rg1 0-1

[Event "23. Copenhagen Open  (Politiken Cup)"]
[Site "Copenhagen"]
[Date "2001.07.16"]
[Round "1"]
[White "Mortensen, Erling"]
[Black "Fant, Goran"]
[Result "1-0"]
[WhiteElo "2423"]
[BlackElo "2043"]
[PlyCount "57"]
[EventDate "2001.07.16"]
[EventType "swiss"]
[EventRounds "11"]
[EventCountry "DEN"]
[SourceDate "2004.01.01"]

1. e4 e6 2. d4 d5 3. Nc3 Bb4 4. a3 Ba5 5. b4 Bb6 6. e5 a5 7. b5 c5 8. Na4 cxd4
9. Qg4 Kf8 10. Nxb6 Qxb6 11. a4 Qc7 12. Ba3+ Ne7 13. Qxd4 Nd7 14. Nf3 b6 15.
Bd6 Qd8 16. Ra3 Ke8 17. Bd3 Bb7 18. Qg4 Ng6 19. Rc3 Rc8 20. Rxc8 Bxc8 21. h4 f5
22. Qg3 Rg8 23. Ng5 Ngf8 24. Nxh7 g6 25. Bxf8 Kf7 26. Bd6 Nc5 27. Ng5+ Kg7 28.
h5 Rh8 29. Nxe6+ 1-0

[Event "23. Copenhagen Open  (Politiken Cup)"]
[Site "Copenhagen"]
[Date "2001.07.16"]
[Round "1"]
[White "Mortensen, Henrik"]
[Black "Andersen, Matias Lolk"]
[Result "0-1"]
[WhiteElo "2075"]
[BlackElo "1146"]
[PlyCount "120"]
[EventDate "2001.07.16"]
[EventType "swiss"]
[EventRounds "11"]
[EventCountry "DEN"]
[SourceDate "2004.01.01"]

1. e4 e5 2. Bc4 Nc6 3. Nf3 Bc5 4. b4 Bxb4 5. c3 Ba5 6. O-O Nge7 7. d4 Ng6 8.
Ba3 d6 9. d5 Nce7 10. Qa4+ c6 11. dxc6 bxc6 12. Bxd6 Qxd6 13. Qxa5 O-O 14. Na3
Rd8 15. h4 Bg4 16. Ng5 Rf8 17. f3 Bc8 18. Rad1 Qf6 19. Nxf7 Nxh4 20. Nxe5+ Kh8
21. g3 Bh3 22. Rf2 Neg6 23. f4 Nxe5 24. Qxe5 Qxe5 25. fxe5 Nf3+ 26. Kh1 Nxe5
27. Rxf8+ Rxf8 28. Ba6 Bg4 29. Rb1 Bf3+ 30. Kg1 h6 31. Rb7 Bxe4 32. Rxa7 Rf3
33. Re7 Rxg3+ 34. Kf2 Rxc3 35. Rxe5 Rxa3 36. Bc4 Bg6 37. Rc5 Rc3 38. Rxc6 Bf7
39. Rc8+ Kh7 40. Be6 Rxc8 41. Bxc8 Bxa2 42. Kg3 g5 43. Bf5+ Kg7 44. Be4 h5 45.
Bf3 h4+ 46. Kg4 Kf6 47. Kh3 Be6+ 48. Kg2 g4 49. Be2 Kg5 50. Kh2 Kf4 51. Kg2 g3
52. Kg1 h3 53. Bf1 h2+ 54. Kh1 Bd5+ 55. Bg2 Bxg2+ 56. Kxg2 Kg4 57. Kh1 Kh4 58.
Kg2 h1=Q+ 59. Kxh1 Kh3 60. Kg1 g2 0-1

[Event "23. Copenhagen Open  (Politiken Cup)"]
[Site "Copenhagen"]
[Date "2001.07.16"]
[Round "1"]
[White "Molvig, Henrik"]
[Black "Moller, Arne"]
[Result "1-0"]
[WhiteElo "2213"]
[BlackElo "1712"]
[PlyCount "63"]
[EventDate "2001.07.16"]
[EventType "swiss"]
[EventRounds "11"]
[EventCountry "DEN"]
[SourceDate "2004.01.01"]

1. d4 Nf6 2. c4 e6 3. Nf3 b6 4. g3 Bb7 5. Bg2 Be7 6. O-O O-O 7. d5 exd5 8. Nh4
Ne8 9. Nf5 Bf6 10. cxd5 d6 11. Re1 Nd7 12. Nc3 Nc5 13. Nd4 a5 14. Be3 g6 15.
Ndb5 Ng7 16. Bd4 Bg5 17. e4 c6 18. dxc6 Bxc6 19. Bxg7 Kxg7 20. Nxd6 Ne6 21. e5
Bxg2 22. Kxg2 Ra7 23. Ncb5 Rd7 24. Qd5 h5 25. Rad1 Kh7 26. Kg1 Bh6 27. h4 Bg7
28. f4 Nc5 29. f5 Bh6 30. Qf3 Qe7 31. Nc3 Bg7 32. f6 1-0

[Event "23. Copenhagen Open  (Politiken Cup)"]
[Site "Copenhagen"]
[Date "2001.07.16"]
[Round "1"]
[White "Nicolaisen, Erik"]
[Black "Nielsen, Morten"]
[Result "1/2-1/2"]
[WhiteElo "2015"]
[BlackElo "2085"]
[PlyCount "91"]
[EventDate "2001.07.16"]
[EventType "swiss"]
[EventRounds "11"]
[EventCountry "DEN"]
[SourceDate "2004.01.01"]

1. e4 Nf6 2. Nc3 d5 3. e5 d4 4. Nce2 Ng4 5. f4 h5 6. Nf3 c5 7. d3 Nc6 8. h3 Nh6
9. Ng3 Nf5 10. Nxf5 Bxf5 11. Bd2 e6 12. g3 Ne7 13. Bg2 Rc8 14. O-O Nd5 15. Nh4
Qd7 16. Nxf5 exf5 17. Qf3 Rd8 18. Rfe1 b5 19. Ba5 Nb6 20. e6 fxe6 21. Rxe6+ Kf7
22. Re2 h4 23. Rae1 hxg3 24. Qxg3 Bd6 25. Qg5 g6 26. Bxb6 axb6 27. Bd5+ Kg7 28.
Re7+ Bxe7 29. Rxe7+ Qxe7 30. Qxe7+ Kh6 31. Bf7 Kg7 32. Bd5+ Kh6 33. Bc6 b4 34.
Kf2 Rb8 35. h4 Rh7 36. Qg5+ Kg7 37. Kg3 Rhh8 38. Qe7+ Kh6 39. h5 Rhg8 40. Qg5+
Kh7 41. h6 Rgc8 42. Bd7 Rf8 43. Kf2 Ra8 44. Bc6 Rac8 45. Bd7 Ra8 46. Bc6
1/2-1/2

[Event "23. Copenhagen Open  (Politiken Cup)"]
[Site "Copenhagen"]
[Date "2001.07.16"]
[Round "1"]
[White "Nielsen, Frode Benedikt"]
[Black "Hvenekilde, Jorgen"]
[Result "0-1"]
[WhiteElo "1834"]
[BlackElo "2267"]
[PlyCount "54"]
[EventDate "2001.07.16"]
[EventType "swiss"]
[EventRounds "11"]
[EventCountry "DEN"]
[SourceDate "2004.01.01"]

1. e4 e5 2. Nf3 d6 3. Nc3 Nc6 4. g3 f5 5. d4 fxe4 6. Nxe4 d5 7. Bg5 Be7 8. Bxe7
Qxe7 9. Nc3 exd4+ 10. Ne2 Qb4+ 11. Nd2 Bf5 12. Nf4 O-O-O 13. Bd3 Re8+ 14. Kf1
Bxd3+ 15. Nxd3 Qf8 16. Nf4 Nf6 17. Nb3 g5 18. Nd3 h5 19. h4 Ng4 20. Kg2 Nce5
21. Rf1 gxh4 22. Nxe5 Nxe5 23. Nxd4 c5 24. Ne2 Qf3+ 25. Kh3 Ng6 26. Nc3 Nf4+
27. Kxh4 {#} Re2 0-1

[Event "23. Copenhagen Open  (Politiken Cup)"]
[Site "Copenhagen"]
[Date "2001.07.16"]
[Round "1"]
[White "Nielsen, Henrik Lindholt"]
[Black "Jepson, Christian"]
[Result "0-1"]
[WhiteElo "2005"]
[BlackElo "2373"]
[PlyCount "48"]
[EventDate "2001.07.16"]
[EventType "swiss"]
[EventRounds "11"]
[EventCountry "DEN"]
[SourceDate "2004.01.01"]

1. d4 d5 2. Nf3 Nf6 3. Bf4 c6 4. Nbd2 Qb6 5. Rb1 Bf5 6. e3 g6 7. Nh4 Bg4 8. Be2
Bxe2 9. Qxe2 Bg7 10. Nhf3 O-O 11. O-O Nbd7 12. e4 dxe4 13. Nxe4 Rfe8 14. Nc3
Nd5 15. Nxd5 cxd5 16. c3 f6 17. Qd2 Qc6 18. Rbd1 Rac8 19. Rfe1 Nb6 20. Qc2 Nc4
21. Nd2 e5 22. Nxc4 Qxc4 23. Be3 exd4 24. Rxd4 Qxd4 0-1

[Event "23. Copenhagen Open  (Politiken Cup)"]
[Site "Copenhagen"]
[Date "2001.07.16"]
[Round "1"]
[White "Nielsen, Michael"]
[Black "Rendboe, John Filip"]
[Result "0-1"]
[WhiteElo "1789"]
[BlackElo "2243"]
[PlyCount "68"]
[EventDate "2001.07.16"]
[EventType "swiss"]
[EventRounds "11"]
[EventCountry "DEN"]
[SourceDate "2004.01.01"]

1. e4 c5 2. Nf3 Nc6 3. d4 cxd4 4. Nxd4 e5 5. Nb5 Nf6 6. N1c3 d6 7. Bg5 a6 8.
Na3 Be6 9. Nc4 Rc8 10. Ne3 Be7 11. Bxf6 Bxf6 12. Ncd5 Bg5 13. c3 O-O 14. Be2 g6
15. O-O Ne7 16. a4 f5 17. Bf3 Kh8 18. Qd3 Rc5 19. b4 Rc8 20. Rad1 f4 21. Nxe7
Qxe7 22. Nd5 Qf7 23. c4 Bd8 24. Rc1 g5 25. Qe2 Qd7 26. h3 Qxa4 27. Qb2 b6 28.
Rfd1 Qe8 29. c5 bxc5 30. bxc5 dxc5 31. Qxe5+ Kg8 32. Rxc5 Rxc5 33. Nf6+ Bxf6
34. Qxc5 Qc8 0-1

[Event "23. Copenhagen Open  (Politiken Cup)"]
[Site "Copenhagen"]
[Date "2001.07.16"]
[Round "1"]
[White "Nielsen, Nicholas Roland"]
[Black "Li, Mike"]
[Result "1-0"]
[WhiteElo "2065"]
[BlackElo "1056"]
[PlyCount "81"]
[EventDate "2001.07.16"]
[EventType "swiss"]
[EventRounds "11"]
[EventCountry "DEN"]
[SourceDate "2004.01.01"]

1. e4 e5 2. Nf3 Nc6 3. d4 exd4 4. Nxd4 Bc5 5. Nxc6 Qf6 6. Qd2 dxc6 7. Bd3 Be6
8. O-O O-O-O 9. Qg5 Bd4 10. Qxf6 Bxf6 11. Nc3 Ne7 12. Be3 g5 13. e5 Bxe5 14.
Bxg5 f6 15. Rfe1 Bxc3 16. bxc3 fxg5 17. Rxe6 Nd5 18. Rh6 Nxc3 19. g3 Rd6 20.
Rxh7 Rxh7 21. Bxh7 Rd1+ 22. Rxd1 Nxd1 23. h4 gxh4 24. gxh4 Kd8 25. Kg2 Ke7 26.
f4 Kf6 27. Kf3 c5 28. h5 Kg7 29. Bg6 Kf6 30. f5 Kg7 31. Kf4 Nf2 32. Ke5 Ng4+
33. Ke6 b5 34. Kd7 c4 35. Kxc7 b4 36. Kc6 a5 37. Kb5 Ne3 38. Kxa5 Nxc2 39. f6+
Kxf6 40. Bxc2 b3 41. Bxb3 1-0

[Event "23. Copenhagen Open  (Politiken Cup)"]
[Site "Copenhagen"]
[Date "2001.07.16"]
[Round "1"]
[White "Nielsen, Thomas"]
[Black "Jakobsen, Ole"]
[Result "0-1"]
[WhiteElo "2025"]
[BlackElo "2398"]
[PlyCount "50"]
[EventDate "2001.07.16"]
[EventType "swiss"]
[EventRounds "11"]
[EventCountry "DEN"]
[SourceDate "2004.01.01"]

1. c4 e5 2. Nc3 Bb4 3. e4 Bxc3 4. bxc3 d6 5. d4 Nc6 6. Nf3 Qe7 7. d5 Nb8 8. c5
dxc5 9. Bc4 Nf6 10. Qd3 O-O 11. Ba3 Nbd7 12. O-O Ne8 13. Qe3 b6 14. Bd3 Nd6 15.
Nd2 Bb7 16. f4 exf4 17. Qxf4 Ne5 18. Bc2 Ba6 19. Rfe1 Bd3 20. Bb1 Bxb1 21.
Rexb1 Nec4 22. Nxc4 Nxc4 23. Rb3 Rae8 24. Rd1 Qxe4 25. Qxc7 Qe3+ 0-1

[Event "23. Copenhagen Open  (Politiken Cup)"]
[Site "Copenhagen"]
[Date "2001.07.16"]
[Round "1"]
[White "Nilssen, John Arni"]
[Black "Nielsen, Dagh"]
[Result "1-0"]
[WhiteElo "2333"]
[BlackElo "1982"]
[PlyCount "97"]
[EventDate "2001.07.16"]
[EventType "swiss"]
[EventRounds "11"]
[EventCountry "DEN"]
[SourceDate "2004.01.01"]

1. d4 Nf6 2. c4 g6 3. Nc3 d5 4. Nf3 Bg7 5. Qa4+ c6 6. Bf4 a6 7. c5 O-O 8. h3
Nbd7 9. e3 Nh5 10. Bh2 f5 11. Be2 f4 12. e4 e5 13. Nxe5 Nxe5 14. dxe5 d4 15.
Qc4+ Kh8 16. O-O-O Qg5 17. h4 Qxg2 18. Qxd4 f3 19. Bc4 Qg4 20. Na4 Nf4 21. Kb1
Be6 22. Bxf4 Bxc4 23. Qxc4 Rxf4 24. Rdg1 Qh5 25. Rg5 Qh6 26. Qd3 Rxh4 27. Rhg1
Rh5 28. R5g4 Rxe5 29. Qxf3 Rf8 30. Qe2 Qh2 31. R4g2 Qf4 32. Re1 Rd8 33. Rg4 Qf6
34. Qe3 Re7 35. Nc3 Qd4 36. Rd1 Qxd1+ 37. Nxd1 Rxd1+ 38. Kc2 Red7 39. e5 R1d5
40. Re4 h5 41. f4 Kh7 42. a3 Re7 43. b4 g5 44. f5 Bh6 45. f6 Re6 46. Rd4 Rdxe5
47. Qd3+ Kh8 48. Rd8+ Re8 49. Rxe8+ 1-0

[Event "23. Copenhagen Open  (Politiken Cup)"]
[Site "Copenhagen"]
[Date "2001.07.16"]
[Round "1"]
[White "Olsen, Miriam Frida"]
[Black "Christensen, Stefan"]
[Result "0-1"]
[WhiteElo "1604"]
[BlackElo "2164"]
[PlyCount "94"]
[EventDate "2001.07.16"]
[EventType "swiss"]
[EventRounds "11"]
[EventCountry "DEN"]
[SourceDate "2004.01.01"]

1. e4 e6 2. d4 d5 3. e5 c5 4. c3 Nc6 5. Nf3 Qb6 6. a3 Nh6 7. b4 cxd4 8. cxd4
Nf5 9. Be3 Be7 10. Bd3 Nxe3 11. fxe3 f5 12. O-O a5 13. b5 Na7 14. Nc3 Bd7 15.
Qb3 O-O 16. Rac1 Rfc8 17. Rf2 a4 18. Qb2 Qa5 19. Rfc2 b6 20. Kf2 Rc7 21. Ng1
Rac8 22. Nge2 Kf7 23. Rb1 Ke8 24. h3 Kd8 25. g4 Bh4+ 26. Kf3 Be8 27. Kg2 fxg4
28. hxg4 Bg5 29. Rh1 h6 30. Rh3 Nxb5 31. Nxb5 Rxc2 32. Bxc2 Qxb5 33. Qxb5 Bxb5
34. Bd1 Bxe2 35. Bxe2 Rc3 36. Rf3 Rxa3 37. Rf7 Ra2 38. Kf3 a3 39. Rxg7 Be7 40.
Bd3 Rb2 41. Rg8+ Kc7 42. Ra8 Kb7 43. Ra4 b5 44. Ra5 Kb6 45. Ra8 a2 46. Bg6 Kb7
47. Ra5 Bb4 0-1

[Event "23. Copenhagen Open  (Politiken Cup)"]
[Site "Copenhagen"]
[Date "2001.07.16"]
[Round "1"]
[White "Pedersen, Christian K"]
[Black "Kaaber Hansen, Jacob"]
[Result "1-0"]
[WhiteElo "2280"]
[BlackElo "1846"]
[PlyCount "91"]
[EventDate "2001.07.16"]
[EventType "swiss"]
[EventRounds "11"]
[EventCountry "DEN"]
[SourceDate "2004.01.01"]

1. Nf3 Nf6 2. g3 g6 3. Bg2 Bg7 4. O-O O-O 5. d3 d5 6. Nbd2 Nbd7 7. Re1 Re8 8.
c3 c6 9. Qc2 e5 10. e4 dxe4 11. Nxe4 Nxe4 12. dxe4 Nc5 13. Rd1 Qe7 14. b4 Ne6
15. Be3 b6 16. a4 c5 17. b5 a5 18. bxa6 Bxa6 19. Rdb1 Qc7 20. Nd2 Red8 21. Bf1
Rdb8 22. Bc4 Bxc4 23. Nxc4 b5 24. axb5 Rxa1 25. Rxa1 Rxb5 26. Ra8+ Rb8 27. Qa4
Bf8 28. Kg2 Rxa8 29. Qxa8 Kg7 30. Qd5 Kf6 31. h4 h6 32. f3 Qb8 33. Kh3 Qc7 34.
Kg2 Qb8 35. Kh3 Qc7 36. Qd2 g5 37. hxg5+ hxg5 38. Qd5 Be7 39. Bd2 Qb8 40. Be3
Qc7 41. Bf2 Qb8 42. Kg2 Qc7 43. Ne3 Kg6 44. Nf5 Bf6 45. Qd1 Qc6 46. Qh1 1-0

[Event "23. Copenhagen Open  (Politiken Cup)"]
[Site "Copenhagen"]
[Date "2001.07.16"]
[Round "1"]
[White "Pedersen, Kaj Vinding"]
[Black "Rasmussen, Bo"]
[Result "1/2-1/2"]
[WhiteElo "1549"]
[BlackElo "2160"]
[PlyCount "148"]
[EventDate "2001.07.16"]
[EventType "swiss"]
[EventRounds "11"]
[EventCountry "DEN"]
[SourceDate "2004.01.01"]

1. d4 Nf6 2. Nf3 b6 3. g3 Bb7 4. Bg2 e6 5. O-O Be7 6. c4 O-O 7. Nc3 d5 8. Ne5
Nbd7 9. f4 c6 10. cxd5 cxd5 11. Qa4 a6 12. Nc6 Bxc6 13. Qxc6 b5 14. Nd1 Qa5 15.
Qc2 Rac8 16. Qd3 Rc6 17. a3 Rfc8 18. Bd2 b4 19. Nf2 Rc2 20. axb4 Qb5 21. Bc3
Rxe2 22. Rxa6 Qxd3 23. Nxd3 Rb8 24. Bf3 Re3 25. Nc5 Nb6 26. Bd2 Nc4 27. Bxe3
Nxe3 28. Rfa1 g6 29. Ra8 Rxa8 30. Rxa8+ Kg7 31. b5 Nf5 32. Nb3 Bd6 33. Be2 Nd7
34. Bd3 Nxd4 35. Nxd4 Bc5 36. Kf1 Bxd4 37. b3 Kf6 38. Ra4 Bb6 39. Ra6 Ke7 40.
Ke2 h5 41. Kf3 Kd6 42. b4 Kc7 43. h3 Kb7 44. g4 hxg4+ 45. hxg4 Kc7 46. Bc2 Kd6
47. Bd3 Kc7 48. Ke2 Bd4 49. f5 gxf5 50. gxf5 e5 51. Bc2 Bb6 52. Bb3 Kd6 53. Ra2
e4 54. Rd2 Nf6 55. Rc2 Ke5 56. Rc6 Nd7 57. f6 Bd8 58. Rc8 Bb6 59. Rc6 Bd8 60.
Rc8 Bxf6 61. Rc7 Nb6 62. Rxf7 d4 63. Rb7 d3+ 64. Kf2 Bh4+ 65. Ke3 Bg5+ 66. Kf2
e3+ 67. Kf3 Nd5 68. Rg7 Bh4 69. Bxd5 e2 70. Rg1 Kxd5 71. Ke3 Kc4 72. Rc1+ Kxb5
73. Kxd3 e1=Q 74. Rxe1 Bxe1 1/2-1/2

[Event "23. Copenhagen Open  (Politiken Cup)"]
[Site "Copenhagen"]
[Date "2001.07.16"]
[Round "1"]
[White "Pedersen, Steffen"]
[Black "Nicolaisen, Jeppe"]
[Result "1-0"]
[WhiteElo "2453"]
[BlackElo "2047"]
[PlyCount "49"]
[EventDate "2001.07.16"]
[EventType "swiss"]
[EventRounds "11"]
[EventCountry "DEN"]
[SourceDate "2004.01.01"]

1. d4 Nf6 2. c4 e5 3. dxe5 Ng4 4. e4 Nxe5 5. f4 Nec6 6. Be3 Na6 7. Nf3 Bc5 8.
Qd2 Qe7 9. Nc3 Bxe3 10. Qxe3 Ncb4 11. O-O-O O-O 12. a3 Nc6 13. Nd5 Qd8 14. f5
Ne7 15. Nc3 Re8 16. f6 gxf6 17. Qh6 Ng6 18. Nd4 d6 19. Nf5 Bxf5 20. exf5 Ne5
21. Nd5 Ng4 22. Qh4 h5 23. Qxh5 Ne3 24. Rd4 Nc5 25. Rh4 1-0

[Event "23. Copenhagen Open  (Politiken Cup)"]
[Site "Copenhagen"]
[Date "2001.07.16"]
[Round "1"]
[White "Petersen, Nils"]
[Black "Brynell, Stellan"]
[Result "0-1"]
[WhiteElo "2050"]
[BlackElo "2486"]
[PlyCount "124"]
[EventDate "2001.07.16"]
[EventType "swiss"]
[EventRounds "11"]
[EventCountry "DEN"]
[SourceDate "2004.01.01"]

1. c4 e5 2. Nc3 Nf6 3. Nf3 Nc6 4. e3 Bb4 5. Qc2 Bxc3 6. Qxc3 Qe7 7. a3 d5 8. d4
exd4 9. Nxd4 Nxd4 10. Qxd4 O-O 11. cxd5 Rd8 12. Bc4 Nxd5 13. Bxd5 Be6 14. O-O
Bxd5 15. Qc3 Rd6 16. f3 Rc6 17. Qb4 Qe5 18. Qd4 Qxd4 19. exd4 Re8 20. Bd2 Rc2
21. Rfe1 Rxe1+ 22. Rxe1 f6 23. Bc3 Kf7 24. Rd1 g5 25. Rd2 Rc1+ 26. Kf2 f5 27.
Re2 Bc4 28. Re1 Rc2+ 29. Kg1 c6 30. h3 Bd5 31. Rf1 Bc4 32. Rf2 Be2 33. f4 Kg6
34. fxg5 Kxg5 35. g3 h5 36. h4+ Kg4 37. Be1 Bd1 38. Rxc2 Bxc2 39. Kf2 f4 40.
gxf4 Kxh4 41. Kf3+ Kh3 42. Bf2 Bd1+ 43. Ke4 Kg4 44. Ke5 Bc2 45. b4 a6 46. Bg1
h4 47. f5 Bxf5 48. Bh2 Bc2 49. d5 cxd5 50. Kxd5 Kf3 51. Kc5 b5 52. Kb6 Ba4 53.
Kxa6 Kg2 54. Bd6 h3 55. Kb6 h2 56. Bxh2 Kxh2 57. Kc5 Kg2 58. Kd4 Kf2 59. Kd3
Ke1 60. Kc3 Kd1 61. Kb2 Kd2 62. Kb1 Kc3 0-1

[Event "23. Copenhagen Open  (Politiken Cup)"]
[Site "Copenhagen"]
[Date "2001.07.16"]
[Round "1"]
[White "Petersen, Peter Birk"]
[Black "Furu, Thormod"]
[Result "1-0"]
[WhiteElo "2230"]
[BlackElo "1775"]
[PlyCount "65"]
[EventDate "2001.07.16"]
[EventType "swiss"]
[EventRounds "11"]
[EventCountry "DEN"]
[SourceDate "2004.01.01"]

1. e4 d5 2. exd5 Nf6 3. d4 Bg4 4. Ne2 Qxd5 5. Nbc3 Qa5 6. Bd2 Nc6 7. f3 Bf5 8.
Ng3 Nxd4 9. Nb5 Qb6 10. Nxd4 Qxd4 11. Nxf5 Qe5+ 12. Ne3 O-O-O 13. Bd3 Nd5 14.
Qe2 Nf4 15. Nc4 Nxg2+ 16. Kf2 Qxe2+ 17. Kxe2 f6 18. Bf5+ Kb8 19. Rad1 e5 20.
Be3 Bd6 21. Nxd6 cxd6 22. Be4 g6 23. Rd3 f5 24. Bd5 Rhe8 25. Kf2 Nxe3 26. Rxe3
g5 27. h4 g4 28. fxg4 fxg4 29. Kg3 Rf8 30. h5 Rf4 31. Rh4 Rd4 32. c4 Rd2 33.
Rb3 1-0

[Event "23. Copenhagen Open  (Politiken Cup)"]
[Site "Copenhagen"]
[Date "2001.07.16"]
[Round "1"]
[White "Preuss, Flemming"]
[Black "Nielsen, Peter Heine"]
[Result "0-1"]
[WhiteElo "2062"]
[BlackElo "2593"]
[PlyCount "108"]
[EventDate "2001.07.16"]
[EventType "swiss"]
[EventRounds "11"]
[EventCountry "DEN"]
[SourceDate "2004.01.01"]

1. e4 c5 2. Nf3 d6 3. d4 cxd4 4. Qxd4 Bd7 5. c4 Nc6 6. Qd2 g6 7. b3 Nf6 8. Nc3
Bg7 9. Bb2 O-O 10. h3 Qa5 11. Rb1 a6 12. Be2 b5 13. Bd3 Nb4 14. O-O Nxd3 15.
Qxd3 bxc4 16. bxc4 Rab8 17. Ba1 Qa3 18. Nd4 Rfc8 19. Nc2 Qc5 20. Ne3 e6 21. Rb3
Bc6 22. Rfb1 Nd7 23. Bb2 Rxb3 24. axb3 Rb8 25. Ne2 Bxb2 26. Rxb2 Qe5 27. Rd2
Nc5 28. Qxd6 Qxd6 29. Rxd6 Bxe4 30. Nc3 Rxb3 31. Nxe4 Nxe4 32. Rd1 h5 33. Rc1
Nc5 34. Rc2 a5 35. Ra2 a4 36. Nc2 Kg7 37. Kf1 Kf6 38. f3 h4 39. Ke2 Ke5 40. Kd2
Kf4 41. Ke2 Kg3 42. Nd4 Rc3 43. Ke1 Rc1+ 44. Kd2 Rxc4 45. Ne2+ Kxg2 46. Ke3 Nb3
47. Nf4+ Kh1 48. Re2 Rc3+ 49. Kf2 Rxf3+ 50. Kxf3 Nd4+ 51. Kg4 Nxe2 52. Nxe2 a3
53. Nc3 Kg2 54. Kxh4 f5 0-1